people taxation and trade in Mughal India (Record no. 37931)

MARC details
000 -LEADER
fixed length control field 00771nam a22002177a 4500
005 - DATE AND TIME OF LATEST TRANSACTION
control field 20100727142730.0
010 ## - LCCN (DPL NO)
LC control number ENG-97189
020 ## - INTERNATIONAL STANDARD BOOK NUMBER
International Standard Book Number 9780198066316
Terms of availability 395.00
020 ## - INTERNATIONAL STANDARD BOOK NUMBER
International Standard Book Number 0198066317
Terms of availability 395.00
035 ## - SYSTEM CONTROL NUMBER
System control number EN-80722
037 ## - SOURCE OF ACQUISITION
Source of stock number/acquisition DBAD/PUB
082 ## - DEWEY DECIMAL CLASSIFICATION NUMBER
Classification number 954.025
100 ## - MAIN ENTRY--PERSONAL NAME
Personal name Moosvi, Shireen
245 ## - TITLE STATEMENT
Title people taxation and trade in Mughal India
Statement of responsibility, etc by Shireen Moosvi
260 ## - PUBLICATION, DISTRIBUTION, ETC. (IMPRINT)
Place of publication, distribution, etc New Delhi
Name of publisher, distributor, etc oxford university press
Date of publication, distribution, etc 2010
270 ## - ADDRESS
Address YMCA library Building Jai Singh Road
300 ## - PHYSICAL DESCRIPTION
Extent xxxv,304 p
Dimensions 21 cm. (pbk)
500 ## - GENERAL NOTE
General note includes index
942 ## - ADDED ENTRY ELEMENTS (KOHA)
Source of classification or shelving scheme Dewey Decimal Classification
Item type English Books
Classification part 954.025
Call number suffix MOO
Holdings
Withdrawn status Lost status Not for loan Collection code Home library Current library Date acquired Source of acquisition Cost, normal purchase price Full call number Barcode Copy number Cost, replacement price Koha item type
    Not For Loan Non-fiction D.B.Act.Division D.B.Act.Division 27/07/2010 DBAD/PUB 395.00 954.025 MOO EN-80722 1 395.00 English Books

© Delhi Public Library
Hit Counter
free hit counter